=LDR 00000nam 2200000 4500 =001 INLIS000000000027771 =005 20130612130124 =008 ***********************************Ind** =035 ##$$0010-061300000027771 =041 ##$$a Ind =082 ##$$a 657.42 =090 ##$$a 657.42, Mul a =100 ##$$a Mulyadi =245 ##$$a Akuntansi biaya, Mulyadi =260 ##$$a 2005 $b Yogyakarta =300 ##$$a xxii, 517 hlm, ilus, 25 cm =650 ##$$a Akuntansi =850 ##$$a NBPNMAT